[Event "Pamplona op 19th"]
[Site "Pamplona"]
[Date "2009.12.02"]
[Round "2"]
[White "Monje Peinado, Roberto"]
[Black "Mundaca Alvarez, Juan Carlos"]
[Result "1/2-1/2"]
[WhiteElo "2072"]
[BlackElo "2128"]
[PlyCount "64"]
[EventDate "2009.12.01"]
[EventType "swiss"]
[EventRounds "7"]
[EventCountry "ESP"]
[SourceTitle "CBM 133 Extra"]
[Source "ChessBase"]
[SourceDate "2010.01.05"]
[SourceVersion "1"]
[SourceVersionDate "2010.01.05"]
[SourceQuality "1"]

1. d4 Nf6 2. c4 c5 3. d5 b5 4. cxb5 a6 5. bxa6 g6 6. d6 Bxa6 7. Nc3 h6 8. Bf4 Nc6 9. Nf3 Bg7 10. Qd2 e6 11. g3 g5 12. Be3 Qa5 13. h3 Rb8 14. Bg2 Rxb2 15. Qxb2 Ne4 16. 0-0 Nxc3 17. Kh2 0-0 18. Qd2 Qa4 19. Rac1 Nxe2 20. Rxc5 Rb8 21. Qc2 Qxc2 22. Rxc2 Ned4 23. Nxd4 Nxd4 24. Bxd4 Bxf1 25. Bxg7 Bxg2 26. Bxh6 Be4 27. Re2 f5 28. Bxg5 Rb1 29. g4 Bf3 30. Re3 fxg4 31. hxg4 Bxg4 32. Rg3 Bf5 1/2-1/2

[Event "Pamplona op 19th"]
[Site "Pamplona"]
[Date "2009.12.01"]
[Round "1"]
[White "Mundaca Alvarez, Juan Carlos"]
[Black "Corral Sierra, Javier"]
[Result "0-1"]
[WhiteElo "2128"]
[BlackElo "2072"]
[PlyCount "136"]
[EventDate "2009.12.01"]
[EventType "swiss"]
[EventRounds "7"]
[EventCountry "ESP"]
[SourceTitle "CBM 133 Extra"]
[Source "ChessBase"]
[SourceDate "2010.01.05"]
[SourceVersion "1"]
[SourceVersionDate "2010.01.05"]
[SourceQuality "1"]

1. Nf3 Nf6 2. g3 b6 3. Bg2 Bb7 4. c4 c5 5. 0-0 g6 6. Nc3 Bg7 7. d3 0-0 8. Bg5 Nc6 9. Qd2 Nd4 10. e4 Nxf3+ 11. Bxf3 Ne8 12. Bg2 Nc7 13. Bh6 Ne6 14. Bxg7 Kxg7 15. f4 Nd4 16. Ne2 Nxe2+ 17. Qxe2 d6 18. f5 f6 19. h4 a6 20. Bh3 b5 21. b3 bxc4 22. bxc4 Rb8 23. fxg6 hxg6 24. h5 Rh8 25. Bg4 Qe8 26. hxg6 Qxg6 27. Kg2 Kf7 28. Rh1 Qg5 29. Rh5 Rxh5 30. Bxh5+ Kg7 31. Qg4 Bc8 32. Qxg5+ fxg5 33. Rf1 Be6 34. Rf2 Rb1 35. Rd2 Kf6 36. e5+ Kxe5 37. Re2+ Kf6 38. Rf2+ Ke5 39. Re2+ Kf6 40. Rf2+ Kg7 41. Re2 Bf5 42. Rxe7+ Kf6 43. Rf7+ Ke5 44. Be2 Rb2 45. Kf3 Rxa2 46. Ke3 a5 47. Re7+ Kf6 48. Ra7 a4 49. Ra6 Ke5 50. Ra5 Ra3 51. Ra6 Bd7 52. Ra7 Bc6 53. Bg4 Bg2 54. Re7+ Kf6 55. Re6+ Kf7 56. Rxd6 Ra1 57. Ra6 a3 58. Kf2 Bf1 59. Ra7+ Kf6 60. Ra6+ Ke7 61. Ra7+ Kd6 62. Rd7+ Kc6 63. Ra7 Bxd3 64. Bf3+ Kd6 65. Bd5 a2 66. Kg2 Ke5 67. Kh3 Bxc4 68. Bg2 Rb1 0-1

[Event "Santiago Endesa Norm"]
[Site "Santiago de Chile"]
[Date "2009.10.02"]
[Round "6"]
[White "Barrera Meza, Carlos"]
[Black "Mundaca Alvarez, Juan Carlos"]
[Result "0-1"]
[WhiteElo "2201"]
[BlackElo "2157"]
[PlyCount "84"]
[EventDate "2009.09.21"]
[EventType "tourn"]
[EventRounds "9"]
[EventCountry "CHI"]
[SourceTitle "EXT 2012"]
[Source "ChessBase"]
[SourceDate "2011.11.24"]
[SourceVersion "1"]
[SourceVersionDate "2011.11.24"]
[SourceQuality "1"]

1. g3 Nf6 2. Bg2 g6 3. d3 Bg7 4. Nc3 d5 5. Bg5 c6 6. Nf3 h6 7. Bd2 0-0 8. 0-0 Nbd7 9. Rb1 e5 10. e4 Qc7 11. Qc1 dxe4 12. dxe4 Kh7 13. Nh4 Nc5 14. Kh1 Qe7 15. b4 Ne6 16. Nd1 Nh5 17. Ne3 Nef4 18. b5 Nxg2 19. Nhxg2 f5 20. f3 Be6 21. c4 f4 22. gxf4 Nxf4 23. bxc6 bxc6 24. Nxf4 Rxf4 25. Ng2 Rf7 26. Rb3 Raf8 27. Be3 Rxf3 28. Rxf3 Rxf3 29. Qd1 Qf7 30. Kg1 Bxc4 31. Rb1 Bxa2 32. Rb7 Qxb7 33. Qxf3 Qb1+ 34. Kf2 Qc2+ 35. Kg3 Bb1 36. Bxa7 Qa4 37. Be3 Bxe4 38. Qf2 Bf5 39. h3 Bf6 40. Kh2 Qe4 41. Qa2 Qf3 42. Qa7+ Bg7 0-1

[Event "Santiago Endesa 11"]
[Site "Santiago de Chile"]
[Date "2009.07.06"]
[Round "2"]
[White "Cuevas Araya, Walter"]
[Black "Mundaca Alvarez, Juan Carlos"]
[Result "0-1"]
[WhiteElo "2317"]
[BlackElo "2128"]
[PlyCount "90"]
[EventDate "2009.07.01"]
[EventType "tourn"]
[EventRounds "9"]
[EventCountry "CHI"]
[SourceTitle "EXT 2012"]
[Source "ChessBase"]
[SourceDate "2011.11.24"]
[SourceVersion "1"]
[SourceVersionDate "2011.11.24"]
[SourceQuality "1"]

1. d4 f5 2. g3 g6 3. Bg2 Bg7 4. c4 Nf6 5. Nf3 0-0 6. 0-0 d6 7. Qb3 Nc6 8. Rd1 Qe8 9. d5 Nd8 10. Nc3 a6 11. Nd4 Kh8 12. Qc2 Rb8 13. a4 Bd7 14. b4 e5 15. dxe6 Nxe6 16. Bb2 Ng5 17. e3 Nfe4 18. Nd5 c6 19. Nb6 Be6 20. h4 Nf7 21. c5 d5 22. Nf3 Qe7 23. a5 Rbe8 24. Bd4 Bxd4 25. Rxd4 Nh6 26. Nh2 Qf6 27. Rad1 Nf7 28. Nf1 Qg7 29. f3 Nf6 30. Na4 Nh5 31. Nc3 Ne5 32. Ne2 Qf6 33. Nf4 Ng7 34. Nh3 h6 35. Nh2 Nh5 36. Kf2 g5 37. hxg5 hxg5 38. Rh1 Nc4 39. Qc3 f4 40. Nf1 fxe3+ 41. Nxe3 Nxe3 42. Nf4 gxf4 43. Rxh5+ Kg8 44. Qa1 Nf5 45. Rd1 fxg3+ 0-1

[Event "Santiago Endesa 01"]
[Site "Santiago de Chile"]
[Date "2009.04.01"]
[Round "?"]
[White "Caceres Vasquez, Sergio"]
[Black "Mundaca Alvarez, Juan Carlos"]
[Result "1-0"]
[WhiteElo "2159"]
[BlackElo "2105"]
[PlyCount "91"]
[EventDate "2009.03.16"]
[EventType "tourn"]
[EventRounds "11"]
[EventCountry "CHI"]
[SourceTitle "EXT 2012"]
[Source "ChessBase"]
[SourceDate "2011.11.24"]
[SourceVersion "1"]
[SourceVersionDate "2011.11.24"]
[SourceQuality "1"]

1. d4 d5 2. c4 dxc4 3. Nf3 Nf6 4. e3 Bg4 5. Bxc4 e6 6. 0-0 Nbd7 7. Nc3 Nb6 8. Bb5+ c6 9. Be2 Bd6 10. e4 Be7 11. Be3 0-0 12. Qb3 Nfd7 13. Rfd1 Bxf3 14. Bxf3 Bg5 15. Bxg5 Qxg5 16. a4 a5 17. g3 Rae8 18. Bg2 Kh8 19. d5 c5 20. Qb5 e5 21. Qxa5 f5 22. Qb5 Rd8 23. exf5 Qxf5 24. Rf1 Nc8 25. Qxb7 Nd6 26. Qa6 Rf6 27. Qe2 Rb8 28. a5 Rff8 29. a6 Rb4 30. a7 Ra8 31. Ra6 Nb6 32. Rfa1 Nbc8 33. h4 h6 34. Kh2 e4 35. Bh3 Qf7 36. Bxc8 Nxc8 37. Nxe4 Qxd5 38. Nc3 Qf7 39. Re6 Qb7 40. Re8+ Kh7 41. Qd3+ g6 42. Qd8 Qf7 43. Re2 Qb7 44. Nd5 Rxb2 45. Nf6+ Kg7 46. Qg8+ 1-0

[Event "Santiago Endesa 01"]
[Site "Santiago de Chile"]
[Date "2009.03.23"]
[Round "3"]
[White "Mundaca Alvarez, Juan Carlos"]
[Black "Diaz Villagran, Robert"]
[Result "0-1"]
[WhiteElo "2105"]
[BlackElo "2329"]
[PlyCount "52"]
[EventDate "2009.03.16"]
[EventType "tourn"]
[EventRounds "11"]
[EventCountry "CHI"]
[SourceTitle "EXT 2012"]
[Source "ChessBase"]
[SourceDate "2011.11.24"]
[SourceVersion "1"]
[SourceVersionDate "2011.11.24"]
[SourceQuality "1"]

1. e4 e6 2. d4 d5 3. exd5 exd5 4. Bd3 Nc6 5. c3 Bd6 6. Ne2 Nge7 7. Bg5 h6 8. Bh4 Bg4 9. f3 Be6 10. Qc2 Qd7 11. Nd2 Nf5 12. Bf2 0-0-0 13. g4 Nfe7 14. 0-0-0 f5 15. h3 h5 16. g5 f4 17. Qa4 Bxh3 18. b4 a6 19. Nb3 Bg2 20. Rhe1 Ne5 21. Qxd7+ Nxd7 22. Nc5 Bxf3 23. Rd2 Bg4 24. Ng1 h4 25. Ne6 Bxe6 26. Rxe6 h3 0-1

[Event "Santiago Endesa 01"]
[Site "Santiago de Chile"]
[Date "2009.03.16"]
[Round "1"]
[White "Mundaca Alvarez, Juan Carlos"]
[Black "Vargas Maliqueo, Ivan Patricio"]
[Result "1/2-1/2"]
[WhiteElo "2105"]
[BlackElo "2222"]
[PlyCount "57"]
[EventDate "2009.03.16"]
[EventType "tourn"]
[EventRounds "11"]
[EventCountry "CHI"]
[SourceTitle "EXT 2012"]
[Source "ChessBase"]
[SourceDate "2011.11.24"]
[SourceVersion "1"]
[SourceVersionDate "2011.11.24"]
[SourceQuality "1"]

1. e4 c5 2. Nf3 d6 3. d4 cxd4 4. Nxd4 Nf6 5. Nc3 a6 6. f4 e5 7. Nf3 Nbd7 8. a4 Be7 9. Bd3 0-0 10. 0-0 Qc7 11. Kh1 Nc5 12. Bd2 b6 13. Qe2 Bb7 14. Rac1 d5 15. exd5 exf4 16. Nd4 Bd6 17. Nf5 Rae8 18. Qf3 Be5 19. Rce1 Qd7 20. Nxg7 Kxg7 21. Rxe5 Rxe5 22. Bxf4 Rh5 23. Be5 Rh6 24. Bxf6+ Kg8 25. Be4 Nxe4 26. Qxe4 Re8 27. Qd4 Qd6 28. h3 Rg6 29. Bh4 1/2-1/2

[Event "Gibraltar Masters 7th"]
[Site "Gibraltar"]
[Date "2009.02.04"]
[Round "9"]
[White "Escofet Llongueras, Joan"]
[Black "Mundaca Alvarez, Juan Carlos"]
[Result "0-1"]
[WhiteElo "1889"]
[BlackElo "2105"]
[PlyCount "62"]
[EventDate "2009.01.27"]
[EventType "swiss"]
[EventRounds "10"]
[EventCountry "ENG"]
[SourceTitle "CBM 128 Extra"]
[Source "ChessBase"]
[SourceDate "2009.03.05"]
[SourceVersion "2"]
[SourceVersionDate "2009.03.25"]
[SourceQuality "1"]

1. c4 e5 2. Nc3 Nc6 3. g3 Nf6 4. Bg2 Bb4 5. e3 Bxc3 6. bxc3 0-0 7. Ne2 d6 8. d4 Bf5 9. 0-0 Re8 10. Ba3 Rb8 11. Re1 e4 12. c5 d5 13. h3 h5 14. Nf4 g6 15. Qc2 Na5 16. Bf1 Qd7 17. Kh2 Kg7 18. Qe2 c6 19. Bg2 Nc4 20. Bc1 Rh8 21. Qf1 g5 22. Ne2 h4 23. f4 exf3 24. Qxf3 Be4 25. Qf1 Qc7 26. Bxe4 Nxe4 27. Qf3 Rh6 28. Rg1 Rbh8 29. Kg2 Rf6 30. Qg4 Rf2+ 31. Kh1 f5 0-1

[Event "Santiago Endesa 13"]
[Site "Santiago de Chile"]
[Date "2008.09.15"]
[Round "9"]
[White "Henriquez Villagra, Cristobal"]
[Black "Mundaca Alvarez, Juan Carlos"]
[Result "0-1"]
[WhiteElo "2063"]
[BlackElo "2162"]
[PlyCount "64"]
[EventDate "2008.08.18"]
[EventType "tourn"]
[EventRounds "9"]
[EventCountry "CHI"]
[SourceTitle "EXT 2012"]
[Source "ChessBase"]
[SourceDate "2011.11.24"]
[SourceVersion "1"]
[SourceVersionDate "2011.11.24"]
[SourceQuality "1"]

1. e4 c5 2. Nf3 Nc6 3. d4 cxd4 4. Nxd4 Nf6 5. Nc3 e5 6. Nb3 Bb4 7. Bc4 Nxe4 8. 0-0 Nf6 9. Nd5 Nxd5 10. Qxd5 0-0 11. c3 Be7 12. f4 d6 13. f5 Bf6 14. g4 h6 15. Qf3 Ne7 16. Rd1 Qc7 17. Bd5 Nxd5 18. Rxd5 b6 19. Qd3 Bb7 20. Rxd6 Rfd8 21. Rxd8+ Rxd8 22. Qh3 Rd1+ 23. Kf2 Qd6 24. Be3 Rxa1 25. Nxa1 Qd1 26. Nb3 Bh4+ 27. Qxh4 Qf3+ 28. Ke1 Qxe3+ 29. Kd1 Bf3+ 30. Kc2 Qe2+ 31. Nd2 Qd1+ 32. Kd3 e4+ 0-1

[Event "Santiago Endesa 13"]
[Site "Santiago de Chile"]
[Date "2008.08.25"]
[Round "3"]
[White "Martinez Guajardo, Eric"]
[Black "Mundaca Alvarez, Juan Carlos"]
[Result "0-1"]
[WhiteElo "2041"]
[BlackElo "2162"]
[PlyCount "22"]
[EventDate "2008.08.18"]
[EventType "tourn"]
[EventRounds "9"]
[EventCountry "CHI"]
[SourceTitle "EXT 2012"]
[Source "ChessBase"]
[SourceDate "2011.11.24"]
[SourceVersion "1"]
[SourceVersionDate "2011.11.24"]
[SourceQuality "1"]

1. e4 c5 2. d4 cxd4 3. c3 Nf6 4. e5 Nd5 5. cxd4 d6 6. Bc4 Nb6 7. Bb3 Nc6 8. Nf3 dxe5 9. Ng5 e6 10. Qf3 Bb4+ 11. Bd2 Qxg5 0-1

[Event "Gibraltar Masters 6th"]
[Site "Gibraltar"]
[Date "2008.01.24"]
[Round "3"]
[White "Mundaca Alvarez, Juan Carlos"]
[Black "Kuzubov, Yuriy"]
[Result "0-1"]
[WhiteElo "2184"]
[BlackElo "2606"]
[PlyCount "46"]
[EventDate "2008.01.22"]
[EventType "swiss"]
[EventRounds "10"]
[EventCountry "ENG"]
[SourceTitle "CBM 122 Extra"]
[Source "ChessBase"]
[SourceDate "2008.03.04"]
[SourceVersion "1"]
[SourceVersionDate "2008.03.04"]
[SourceQuality "1"]

1. e4 c5 2. Nf3 Nc6 3. d4 cxd4 4. Nxd4 g6 5. Nc3 Bg7 6. Nf3 Nf6 7. Bc4 0-0 8. h3 b5 9. Nxb5 Nxe4 10. 0-0 a6 11. Nbd4 Nxd4 12. Nxd4 Bb7 13. Be3 d5 14. Bb3 e5 15. Ne2 d4 16. Bc1 Rc8 17. f3 Nc5 18. Bc4 Kh8 19. a4 f5 20. b3 e4 21. f4 d3 22. cxd3 exd3 23. Ng3 Qd4+ 0-1

[Event "Gibraltar Masters 6th"]
[Site "Gibraltar"]
[Date "2008.01.23"]
[Round "2"]
[White "Matto, Manuel"]
[Black "Mundaca Alvarez, Juan Carlos"]
[Result "0-1"]
[WhiteElo "1886"]
[BlackElo "2184"]
[PlyCount "108"]
[EventDate "2008.01.22"]
[EventType "swiss"]
[EventRounds "10"]
[EventCountry "ENG"]
[SourceTitle "CBM 122 Extra"]
[Source "ChessBase"]
[SourceDate "2008.03.04"]
[SourceVersion "1"]
[SourceVersionDate "2008.03.04"]
[SourceQuality "1"]

1. d4 f5 2. c4 g6 3. Nc3 Nf6 4. Nf3 Bg7 5. e3 d6 6. Bd3 Nc6 7. a3 0-0 8. Bb1 e5 9. d5 Ne7 10. Ba2 h6 11. Bd2 Kh8 12. Qc2 c5 13. h3 e4 14. Ng1 a6 15. Nge2 Bd7 16. f3 Neg8 17. 0-0-0 b5 18. Nf4 Qe8 19. cxb5 axb5 20. fxe4 b4 21. exf5 Bxf5 22. e4 Nxe4 23. Nxe4 Bxe4 24. Qb3 c4 25. Qe3 c3 26. bxc3 bxc3 27. Bxc3 Rc8 28. Ne2 Qa4 29. Kd2 Rxc3 30. Nxc3 Qc2+ 31. Ke1 Bxc3+ 32. Rd2 Bxd2+ 33. Qxd2 Qxd2+ 34. Kxd2 Bxg2 35. Re1 Rf2+ 36. Re2 Rxe2+ 37. Kxe2 Bxh3 38. a4 Nf6 39. Kd3 h5 40. a5 Bc8 41. Bc4 Nd7 42. Ke3 Nc5 43. Kf4 Kg7 44. Be2 Kf6 45. Bf1 g5+ 46. Ke3 Ke5 47. Bc4 Bb7 48. Be2 g4 49. Bc4 Bxd5 50. Bb5 Bb7 51. Be8 h4 52. Bh5 g3 53. Bf3 Bxf3 54. Kxf3 d5 0-1

[Event "Santiago Endesa 07"]
[Site "Santiago de Chile"]
[Date "2007.07.??"]
[Round "5"]
[White "Martinez Guajardo, Eric"]
[Black "Mundaca Alvarez, Juan Carlos"]
[Result "0-1"]
[WhiteElo "2079"]
[BlackElo "2167"]
[PlyCount "44"]
[EventDate "2007.07.??"]
[EventType "tourn"]
[EventRounds "9"]
[EventCountry "CHI"]
[SourceTitle "EXT 2008"]
[Source "ChessBase"]
[SourceDate "2007.11.25"]
[SourceVersion "1"]
[SourceVersionDate "2007.11.25"]
[SourceQuality "1"]

1. e4 c5 2. d4 cxd4 3. c3 dxc3 4. Nxc3 e6 5. Bc4 a6 6. a4 Nc6 7. Nf3 Qc7 8. Qe2 Bb4 9. Bd2 Nge7 10. 0-0 0-0 11. Rac1 Ng6 12. g3 Qa5 13. Bb3 d6 14. Be3 Bd7 15. Nd2 Bc5 16. Rfd1 Rfd8 17. Nc4 Qb4 18. Bxc5 dxc5 19. Na2 Qxb3 20. Rc3 Qxa2 21. Ra3 Nd4 22. Rxd4 Qxa3 0-1

[Event "Santiago Endesa 04"]
[Site "Santiago de Chile"]
[Date "2007.05.17"]
[Round "9"]
[White "Caceres Vasquez, Sergio"]
[Black "Mundaca Alvarez, Juan Carlos"]
[Result "1-0"]
[WhiteElo "2179"]
[BlackElo "2167"]
[PlyCount "113"]
[EventDate "2007.04.18"]
[EventType "tourn"]
[EventRounds "9"]
[EventCountry "CHI"]
[SourceTitle "EXT 2008"]
[Source "ChessBase"]
[SourceDate "2007.11.25"]
[SourceVersion "1"]
[SourceVersionDate "2007.11.25"]
[SourceQuality "1"]

1. d4 f5 2. g3 g6 3. Bg2 Nf6 4. Nf3 Bg7 5. 0-0 0-0 6. c4 d6 7. Nc3 Nc6 8. d5 Ne5 9. Nxe5 dxe5 10. Qb3 Nd7 11. Be3 f4 12. Bd2 Nc5 13. Qa3 b6 14. b4 Nb7 15. Qb3 Kh8 16. Rfd1 Rb8 17. Ne4 Bg4 18. f3 Bd7 19. e3 Nd6 20. exf4 exf4 21. Bc3 Qe8 22. Bxg7+ Kxg7 23. Qc3+ Kg8 24. Nxd6 exd6 25. Re1 Qd8 26. Re4 Qg5 27. Qd2 Qf6 28. Rae1 g5 29. Qd4 fxg3 30. hxg3 Qxd4+ 31. Rxd4 Bf5 32. Kf2 Rbe8 33. Rxe8 Rxe8 34. Rd2 h5 35. Re2 Rxe2+ 36. Kxe2 Kf7 37. Ke3 Kg6 38. Bf1 Bb1 39. a3 Bf5 40. Kd4 a6 41. c5 b5 42. a4 bxa4 43. Bxa6 h4 44. gxh4 gxh4 45. cxd6 h3 46. dxc7 h2 47. Bd3 Bxd3 48. c8Q h1Q 49. Qg4+ Kf6 50. Kxd3 Qb1+ 51. Kc4 Qb3+ 52. Kc5 a3 53. Qd4+ Ke7 54. d6+ Kf7 55. d7 Qc2+ 56. Kb5 Qe2+ 57. Ka5 1-0

[Event "Santiago Endesa 04"]
[Site "Santiago de Chile"]
[Date "2007.05.04"]
[Round "1"]
[White "Mundaca Alvarez, Juan Carlos"]
[Black "Valenzuela Fuentealba, Luis"]
[Result "1-0"]
[WhiteElo "2167"]
[BlackElo "2434"]
[PlyCount "80"]
[EventDate "2007.04.18"]
[EventType "tourn"]
[EventRounds "9"]
[EventCountry "CHI"]
[SourceTitle "EXT 2008"]
[Source "ChessBase"]
[SourceDate "2007.11.25"]
[SourceVersion "1"]
[SourceVersionDate "2007.11.25"]
[SourceQuality "1"]

1. e4 c5 2. Nf3 d6 3. d4 cxd4 4. Nxd4 Nf6 5. Nc3 a6 6. f4 e5 7. Nf3 Nbd7 8. a4 Be7 9. Bd3 0-0 10. 0-0 Nc5 11. fxe5 dxe5 12. Kh1 Bg4 13. Bg5 Nh5 14. Bxe7 Qxe7 15. Nd5 Qd8 16. Qe1 Nxd3 17. cxd3 Be6 18. Nc3 Nf4 19. Rd1 Bg4 20. d4 Qe7 21. Qg3 Bxf3 22. Qxf3 exd4 23. Rxd4 Ng6 24. Nd5 Qc5 25. Qd1 Rac8 26. Ne3 Ne5 27. Nf5 Rce8 28. Rd5 Qb4 29. b3 g6 30. Nd6 Re7 31. h4 h5 32. Qa1 Ng4 33. Qc1 Qxb3 34. Qf4 Qe3 35. Nf5 gxf5 36. Rxf5 Qxf4 37. R1xf4 Rd8 38. Rg5+ Kf8 39. Rf1 Re5 40. Rg6 Rd1 1-0

[Event "Gibraltar Masters"]
[Site "Gibraltar"]
[Date "2007.01.31"]
[Round "8"]
[White "Gunnarsson, Jon Viktor"]
[Black "Mundaca Alvarez, Juan Carlos"]
[Result "1-0"]
[WhiteElo "2419"]
[BlackElo "2167"]
[PlyCount "97"]
[EventDate "2007.01.23"]
[EventType "swiss"]
[EventRounds "9"]
[EventCountry "ENG"]
[SourceTitle "CBM 116 Extra"]
[Source "ChessBase"]
[SourceDate "2007.03.07"]
[SourceVersion "1"]
[SourceVersionDate "2007.03.07"]
[SourceQuality "1"]

1. e4 c5 2. Nf3 Nc6 3. Bb5 g6 4. Bxc6 dxc6 5. d3 Bg4 6. h3 Bxf3 7. Qxf3 Bg7 8. a4 Nf6 9. 0-0 0-0 10. Nd2 Ne8 11. Qe2 Nd6 12. f4 Qd7 13. Nf3 f6 14. Bd2 Bh6 15. Rae1 Nf7 16. Qf2 b6 17. Qg3 e5 18. b3 Rae8 19. Re2 exf4 20. Bxf4 Bxf4 21. Qxf4 Ne5 22. Ref2 Nxf3+ 23. Rxf3 Qd4+ 24. Kh1 Qe5 25. Qd2 Kg7 26. Qf2 Qd4 27. g4 Qxf2 28. R3xf2 Re5 29. Kg2 h6 30. h4 Rf7 31. Rf4 a5 32. c3 g5 33. hxg5 hxg5 34. R4f3 b5 35. c4 b4 36. Kf2 Kf8 37. Rh1 Re8 38. Rh8+ Ke7 39. Rxe8+ Kxe8 40. Rf5 Rh7 41. Rxc5 Kd7 42. Rxa5 Rh2+ 43. Ke3 Rb2 44. c5 Rxb3 45. Ra7+ Ke6 46. Rc7 Rb2 47. Rxc6+ Kd7 48. Rxf6 b3 49. Rb6 1-0

[Event "Gibraltar Masters"]
[Site "Gibraltar"]
[Date "2007.01.27"]
[Round "5"]
[White "Mundaca Alvarez, Juan Carlos"]
[Black "Van Kemenade, Rudy"]
[Result "1/2-1/2"]
[WhiteElo "2167"]
[BlackElo "2048"]
[PlyCount "65"]
[EventDate "2007.01.23"]
[EventType "swiss"]
[EventRounds "9"]
[EventCountry "ENG"]
[SourceTitle "CBM 116 Extra"]
[Source "ChessBase"]
[SourceDate "2007.03.07"]
[SourceVersion "1"]
[SourceVersionDate "2007.03.07"]
[SourceQuality "1"]

1. d4 Nf6 2. Nf3 g6 3. c4 Bg7 4. g3 0-0 5. Bg2 d6 6. 0-0 Nc6 7. Nc3 e5 8. dxe5 dxe5 9. Bg5 Be6 10. Qa4 Qc8 11. Rfd1 Nd7 12. Nd5 Nb6 13. Qc2 f6 14. Be3 Bf5 15. Qc1 g5 16. Ne1 Re8 17. Nd3 Nd4 18. Bxd4 exd4 19. e3 dxe3 20. Nxe3 Bxd3 21. Rxd3 c6 22. Qd2 Qe6 23. c5 Nc4 24. Qb4 Nxe3 25. Rxe3 Qd7 26. Rae1 Rxe3 27. Rxe3 Rd8 28. Bf1 Bf8 29. Qb3+ Kh8 30. Rd3 Qe7 31. Qc3 Rxd3 32. Bxd3 Qe5 33. Qa5 1/2-1/2